Γλωσσολογικαί έρευναι
Αποθηκεύτηκε σε:
| Κύριος συγγραφέας: | |
|---|---|
| Μορφή: | Βιβλίο |
| Γλώσσα: | Greek |
| Δημοσίευση: |
Εν Αθήναις :
Ακαδημία Αθηνών,
1977.
|
| Σειρά: | Λεξικογραφικόν Δελτίον. Παράρτημα ;
2 |
| Θέματα: | |
| Ετικέτες: |
Προσθήκη ετικέτας
Δεν υπάρχουν, Καταχωρήστε ετικέτα πρώτοι!
|
MARC
| LEADER | 00000cam a2200000 i 4500 | ||
|---|---|---|---|
| 001 | 1/24823 | ||
| 008 | 060221s1977 gr ||| | gre|| | ||
| 035 | |l 10082761 | ||
| 040 | |a GR-MY-UA |b gre |e aacr | ||
| 041 | 0 | |a gre | |
| 082 | 0 | |a 489.3 |2 (22) | |
| 100 | 1 | |a Χατζιδάκις, Γεώργιος Ν. |d 1848-1941. | |
| 245 | 1 | 0 | |a Γλωσσολογικαί έρευναι / |c Γεωργίου Ν. Χατζιδάκι ; Ακαδημία Αθηνών. |
| 260 | |a Εν Αθήναις : |b Ακαδημία Αθηνών, |c 1977. | ||
| 300 | |a τ.; |c 26 εκ. | ||
| 490 | 1 | |a (Λεξικογραφικόν δελτίον. Παράρτημα |v ; 2) | |
| 650 | 0 | 0 | |a Greek language, Modern. |
| 830 | 0 | |a Λεξικογραφικόν Δελτίον. Παράρτημα ; |v 2 | |
| 852 | |a INST |b LESVOS |e 20060221 |h 489.3 ΧΑΤ |p 005100034564 |q 005100034564 |t BK |y 0 |z τ.2 | ||
| 852 | |a INST |b LESVOS |e 20060221 |h 489.3 ΧΑΤ |p 005100034564 |q 005100034564 |t BK |v τ.2: |y 0 |z τ.2 | ||
| 853 | |a INST |b LESVOS |h 489.3 ΧΑΤ | ||
| 901 | |a BIBL1-2006-1 | ||
| 909 | |a Λ |b 125940 | ||
| 970 | |a ΚΑΡΑ |b ΓΙΑΣΕΜΗ |z 2006/02/21 | ||